00937nam a22002057a 4500999001700000003000900017008004100026040007100067082001700138100003000155245002700185260003100212300002800243505029900271650001700570650002900587942001600616945000900632952009000641 c20809d20809AR-CdUCM190606b ||||| |||| 00| 0 spa d aMUNICIPALIDAD PROVINCIAL DEL CUSCOcBIBLIOTECA MUNICIPAL DEL CUSCO a346.4 /bV35 aVásquez Ríos, Alberto aLos derechos reales / aLima :bSan Marcos,c1996. a254 páginas ;c21 cm. aContenido : Concepto doctrinarios del derecho real -- Análisis comparativo de los derechos reales y personales -- Creación de los Derechos Reales -- Elementos de los derechos reales -- Clasificación de los derechos reales -- Disposiciones generales del libro V del del código civil ...  aDerecho9739 aBienes Posesión944003 2ddccLIBROS aAndy 002ddc4070aSHbSHcCARTd2019-10-21o346.4 / V35pSH0000012938r2019-10-21yLIBROS